Новейшее оборудование для химической промышленности : (Record no. 516933)
[ view plain ]
| 000 -LEADER | |
|---|---|
| fixed length control field | 01496nam a2200241 a 4500 |
| 003 - CONTROL NUMBER IDENTIFIER | |
| control field | AM-YEHGA |
| 001 - CONTROL NUMBER | |
| control field | 1607101 |
| 005 - DATE AND TIME OF LATEST TRANSACTION | |
| control field | 20250617164041.0 |
| 008 - FIXED-LENGTH DATA ELEMENTS--GENERAL INFORMATION | |
| fixed length control field | 190502s1962 ru a||||r|||||000|||rus||| |
| 040 ## - CATALOGING SOURCE | |
| Original cataloging agency | AM-YeHGA |
| 041 ## - LANGUAGE CODE | |
| Language code of text/sound track or separate title | rus |
| 090 ## - LOCALLY ASSIGNED LC-TYPE CALL NUMBER (OCLC); LOCAL CALL NUMBER (RLIN) | |
| -- | 520482 |
| 100 1# - MAIN ENTRY--PERSONAL NAME | |
| Personal name | Гатаулин, Зинур Гатиатульевич |
| 245 10 - TITLE STATEMENT | |
| Title | Новейшее оборудование для химической промышленности : |
| Remainder of title | (Обзор патентов) / |
| Statement of responsibility, etc. | З.Г. Гатаулин ; Центр. ин-т науч.-техн. информации машиностроения Гос. ком. Совета Министров СССР по координации науч.-исслед. работ. |
| 260 ## - PUBLICATION, DISTRIBUTION, ETC. | |
| Place of publication, distribution, etc. | Москва : |
| Name of publisher, distributor, etc. | Б. и., |
| Date of publication, distribution, etc. | 1962. |
| 300 ## - PHYSICAL DESCRIPTION | |
| Extent | 131 с. : |
| Other physical details | черт. ; |
| Dimensions | 22 см. |
| 490 1# - SERIES STATEMENT | |
| Series statement | Серия VII. Химическое машиностроение . Компрессоры, насосы, арматура |
| 650 14 - SUBJECT ADDED ENTRY--TOPICAL TERM | |
| Topical term or geographic name entry element | Химическая аппаратура |
| 710 2# - ADDED ENTRY--CORPORATE NAME | |
| Corporate name or jurisdiction name as entry element | Центральный институт научно-технической информации машиностроения |
| 710 2# - ADDED ENTRY--CORPORATE NAME | |
| Corporate name or jurisdiction name as entry element | Государсвенный комитет Совета Министров СССР по координации научно-исследовательских работ |
| 830 #0 - SERIES ADDED ENTRY--UNIFORM TITLE | |
| Uniform title | Серия VII. Химическое машиностроение . Компрессоры, насосы, арматура |
| 942 ## - ADDED ENTRY ELEMENTS (KOHA) | |
| Source of classification or shelving scheme | Universal Decimal Classification |
| Koha item type | Գրքեր / Books |
| Withdrawn status | Lost status | Source of classification or shelving scheme | Damaged status | Not for loan | Collection | Home library | Current library | Date acquired | Total checkouts | Full call number | Barcode | Date last seen | Price effective from | Koha item type | Public note |
|---|---|---|---|---|---|---|---|---|---|---|---|---|---|---|---|
| Universal Decimal Classification | General | Fundamental Scientific Library | Fundamental Scientific Library | 27/09/2021 | РII/62241 | FL0660849 | 27/09/2021 | 27/09/2021 | Գրքեր / Books | 30 Days Loan |
ՀՀ Գիտությունների ազգային ակադեմիայի հիմնարար գիտական գրադարան = Fundamental Scientific Library of NAS RA
All site content, except where otherwise noted, is licensed under a